| 000 | 00794nam a22002897a 4500 | ||
|---|---|---|---|
| 001 | BR2011000865 | ||
| 003 | BR-BrBNA | ||
| 005 | 20230928103453.0 | ||
| 007 | ta | ||
| 008 | 230509b bl.||||| |||| 00| 0 por d | ||
| 040 |
_aBR-BrBNA _bpor _cBiblioteca Nacional de Agricultura |
||
| 041 | _a(Por) | ||
| 072 | _aE12 | ||
| 090 | _ E12 BR2011000865 | ||
| 100 | 1 | _aFerreira, L.L. | |
| 100 | 1 | _aGonzaga, M.C. | |
| 100 | 1 | _aBussacos, M.A. | |
| 245 | 1 | _aAnálise coletiva do trabalho dos cortadores de cana da região de Araraquara, São Paulo | |
| 260 | 3 |
_aAraraquara, SP (Brasil): _c1998. |
|
| 300 | _a57 p. | ||
| 650 | _aTRABALHO TEMPORÁRIO | ||
| 650 | _aMÃO-DE-OBRA | ||
| 650 | _aCANA DE AÇUCAR | ||
| 650 | _aSÃO PAULO | ||
| 909 |
_a202309 _bLucia _c55 _dLucia Elande |
||
| 942 | _cBK | ||
| 999 |
_c75254 _d75254 |
||